=LDR 00000nam 2200000 4500 =001 INLIS000000000028341 =005 20130612130644 =008 ***********************************Ind** =035 ##$$0010-061300000028341 =041 ##$$a Ind =082 ##$$a F Rom K =090 ##$$a F Rom K, War-k =100 ##$$a Warni, S.J =245 ##$$a Kujangkau Rembulan, Warni SJ =260 ##$$a 1985 $b Bandung =300 ##$$a 89, ilus, 20 cm =650 ##$$a Fiksi Roman Kanak-kanak =850 ##$$a NBPNMAT